Quarterbacks That Have Led the NFL in Passing - Statistics

General Stats
  • This quiz has been taken 44 times
    28 since last reset
  • The average score is 43 of 59
Answer Stats
Year Team Passing Yards Quarterback % Correct
2022 KC 5,250 Patrick Mahomes
100%
2016 NO 5,208 Drew Brees
96%
2015 NO 4,870 Drew Brees
96%
2012 NO 5,177 Drew Brees
96%
2011 NO 5,476 Drew Brees
96%
2008 NO 5,069 Drew Brees
96%
2006 NO 4,418 Drew Brees
96%
2014 NO/PIT 4,952 Drew Brees |Ben Roethlisberger
96%
2013 DEN 5,477 Peyton Manning
96%
2003 IND 4,267 Peyton Manning
96%
2000 IND 4,413 Peyton Manning
96%
2010 SD 4,710 Philip Rivers
96%
2021 TB 5,316 Tom Brady
96%
2017 NE 4,577 Tom Brady
96%
2007 NE 4,806 Tom Brady
96%
2005 NE 4,110 Tom Brady
96%
2018 PIT 5,129 Ben Roethlisberger
92%
1992 MIA 4,116 Dan Marino
92%
1988 MIA 4,434 Dan Marino
92%
1986 MIA 4,746 Dan Marino
92%
1985 MIA 4,137 Dan Marino
92%
1984 MIA 5,084 Dan Marino
92%
2019 TB 5,109 Jameis Winston
92%
2024 CIN 4,918 Joe Burrow
92%
2023 MIA 4,624 Tua Tagovailoa
92%
2020 HOU 4,823 Deshaun Watson
88%
1972 NYJ 2,816 Joe Namath
88%
1967 NYJ 4,007 Joe Namath
88%
1966 NYJ 3,379 Joe Namath
88%
1993 DEN 4,030 John Elway
88%
1998 GB 4,212 Brett Favre
84%
1995 GB 4,413 Brett Favre
84%
2001 STL 4,830 Kurt Warner
80%
1994 NE 4,555 Drew Bledsoe
76%
2009 HOU 4,770 Matt Schaub
76%
1978 MIN 3,468 Fran Tarkenton
72%
1982 SD 2,883 Dan Fouts
68%
1981 SD 4,802 Dan Fouts
68%
1980 SD 4,715 Dan Fouts
68%
1979 SD 4,082 Dan Fouts
68%
2002 OAK 4,689 Rich Gannon
68%
1991 HOU 4,690 Warren Moon
68%
1990 HOU 4,689 Warren Moon
68%
2004 MIN 4,717 Daunte Culpepper
56%
1975 CIN 3,169 Ken Anderson
48%
1974 CIN 2,667 Ken Anderson
48%
1996 JAX 4,367 Mark Brunell
48%
1969 OAK 3,302 Daryle Lamonica
32%
1989 GB 4,318 Don Majkowski
32%
1970 SF 2,941 John Brodie
32%
1971 SD 3,075 John Hadl
32%
1968 SD 3,473 John Hadl
32%
1976 BAL 3,104 Bert Jones
28%
1999 CAR 4,436 Steve Beuerlein
28%
1983 GB 4,458 Lynn Dickey
24%
1987 STL 3,387 Neil Lomax
24%
1973 PHI 3,219 Roman Gabriel
24%
1997 OAK 3,917 Jeff George
20%
1977 BUF 2,803 Joe Ferguson
20%
No matching quizzes found
Score Distribution
Percent of People with Each Score
Percentile by Number Answered
Your Score History
You have not taken this quiz since the last reset